NRL halfbacks 2015 - Statistics

General Stats
  • This quiz has been taken 284 times
  • The average score is 9 of 16
Answer Stats
Hint Answer % Correct
Storm Cooper Cronk
93%
Cowboy Johnathan Thurston
90%
Broncos Ben Hunt
88%
Rabbitohs Adam Reynolds
85%
Sea Eagles Daly Cherry-Evans
84%
Warriors Shaun Johnson
83%
Roosters Mitchell Pearce
77%
Tigers Luke Brooks
63%
Dragons Benji Marshall
58%
Bulldogs Trent Hodkinson
54%
Panthers Peter Wallace
46%
Eels Chris Sandow
37%
Knights Tyrone Roberts
30%
Sharks Jeff Robson
26%
Raiders Mitch Cornish
14%
Titans Daniel Mortimer
10%
No matching quizzes found
Score Distribution
Percent of People with Each Score
Percentile by Number Answered
Your Score History
You have not taken this quiz